Królowe i księżne Polski - Statystyki

Ogólne statystyki
  • Ten quiz został rozwiązany 476 razy
    467 od ostatniego zresetowania
  • Średni wynik to 36 z 61
Statystyki odpowiedzi
Małżonek Królowa lub księżna % Poprawnych
Mieszko I Dobrawa
95%
królowa suo iure Jadwiga
95%
Bolesław Rogatka Jadwiga anhalcka
95%
Władysław Łokietek Jadwiga kaliska
95%
Henryk Brodaty Jadwiga śląska
95%
Kazimierz Wielki Jadwiga Żagańska
95%
Władysław Jagiełło Anna Cylejska
93%
Zygmunt Waza Anna Habsburżanka
93%
królowa suo iure Anna Jagiellonka
93%
Henryk Pobożny Anna Przemyślidka
93%
Jan Sobieski Maria Kazimiera d’Arquien
89%
Bolesław Kędzierzawy Maria
85%
Zygmunt Stary Bona Sforza
82%
Ludwik Węgierski Elżbieta Bośniaczka
82%
Władysław Jagiełło Elżbieta Granowska
82%
Zygmunt August Elżbieta Habsburżanka
82%
Kazimierz Jagiellończyk Elżbieta Rakuszanka
82%
Mieszko Stary Elżbieta Węgierska
82%
Wacław II Ryksa Elżbieta
82%
Wacław III Wiola Elżbieta Cieszyńska
82%
Zygmunt August Katarzyna Habsburżanka
78%
Stanisław Leszczyński Katarzyna Opalińska
78%
Władysław Jagiełło Zofia Holszańska
77%
Zygmunt August Barbara Radziwiłłówna
74%
Zygmunt Stary Zápolya Barbara
74%
Mieszko I Oda Dytrykówna
72%
Bolesław Chrobry Oda Miśnieńska
72%
Kazimierz Wielki Aldona Anna Giedyminówna
66%
Mieszko II Rycheza Lotaryńska
66%
Władysław Waza Ludwika Maria Gonzaga
65%
Jan Kazimierz Waza Ludwika Maria Gonzaga
65%
Aleksander Jagiellończyk Helena moskiewska
58%
Kazimierz Sprawiedliwy Helena Znojemska
58%
Władysław Wygnaniec Agnieszka Babenberg
54%
August Mocny Krystyna Eberhardyna Hohenzollern
54%
Kazimierz Wielki Krystyna Rokiczana
54%
Konrad Mazowiecki Kinga węgierska
53%
Władysław Waza Cecylia Renata Habsburżanka
50%
Przemysł II Małgorzata Brandenburska
50%
Władysław Herman Judyta Przemyślidka
48%
Władysław Herman Judyta Salicka
48%
Kazimierz Wielki Adelajda Heska
43%
Zygmunt Waza Konstancja Habsburżanka
43%
Henryk Prawy Konstancja wodzisławska
43%
Bolesław Krzywousty Salomea z Bergu
43%
Konrad Mazowiecki Agafia Światosławówna
35%
August Sas Maria Józefa Habsburżanka
34%
Mieszko Plątonogi Ludmiła
33%
Michał Korybut Wiśniowiecki Eleonora Habsburżanka
31%
Władysław Laskonogi Łucja Rugijska
29%
Przemysł II Ryksa szwedzka
28%
Bolesław Chrobry Emnilda słowiańska
26%
Kazimierz Odnowiciel Dobroniega Maria
24%
Bolesław Krzywousty Zbysława Kijowska
21%
Henryk Prawy Matylda brandenburska
18%
Leszek Biały Grzymisława
15%
Przemysł II Ludgarda meklemburska
15%
Leszek Czarny Gryfina Halicka
13%
Bolesław Kędzierzawy Wierzchosława nowogrodzka
13%
Bolesław Rogatka Eufemia Samborówna
11%
Wacław II Juta Habsburżanka
8%
Nie znaleziono quizów pasujących do podanych kryteriów
Rozkład punktacji
Procent ludzi z każdym wynikiem
Percentyl według liczby udzielonych odpowiedzi
Twoja historia wyników
Nie rozwiązałeś tego quizu od ostatniego zresetowania